000 00300nam a2200121Ia 4500
008 231120s2020 xx 000 0 und d
041 _aeng
082 _a743.69
100 _aSUSIE HODGE
245 _aHOW TO DRAW DOGS IN SIMPLE STEPS
260 _aSEARCH PRESS
_bSEARCH PRESS
_c2020
300 _aP-32
999 _c933336
_d933336